000
00259nam a2200097Ia 4500
008
120527s9999 xx 000 0 und d
100
_a
CONMILL and KONNEH
245
_a
World Historty: Topical Approaces Readings for Historty
260
_b
Tapestry
942
_c
BK
999
_c
25462
_d
25462